Basic water treatment / (Record no. 332112)

000 -LEADER
fixed length control field 00808cam a22002414a 4500
001 - CONTROL NUMBER
control field 16003410
003 - CONTROL NUMBER IDENTIFIER
control field NUST
005 - DATE AND TIME OF LATEST TRANSACTION
control field 20171113130159.0
008 - FIXED-LENGTH DATA ELEMENTS--GENERAL INFORMATION
fixed length control field 091201s2009 enka b 001 0 eng
010 ## - LIBRARY OF CONGRESS CONTROL NUMBER
LC control number 2009497310
020 ## - INTERNATIONAL STANDARD BOOK NUMBER
International Standard Book Number 9781847558787
040 ## - CATALOGING SOURCE
Original cataloging agency DLC
Transcribing agency DLC
050 00 - LIBRARY OF CONGRESS CALL NUMBER
Classification number TD430
Item number .B52 2009
082 ## - DEWEY DECIMAL CLASSIFICATION NUMBER
Classification number 628.162 BIN
100 1# - MAIN ENTRY--PERSONAL NAME
Personal name Binnie, Chris.
9 (RLIN) 6324
245 10 - TITLE STATEMENT
Title Basic water treatment /
Statement of responsibility, etc. Chris Binnie, Martin Kimber.
250 ## - EDITION STATEMENT
Edition statement 4th ed.
260 ## - PUBLICATION, DISTRIBUTION, ETC.
Place of publication, distribution, etc. Cambridge :
Name of publisher, distributor, etc. Royal Society of Chemistry,
Date of publication, distribution, etc. 2009.
300 ## - PHYSICAL DESCRIPTION
Extent x, 318 p. :
Other physical details ill. ;
Dimensions 22 cm.
500 ## - GENERAL NOTE
General note P.B
504 ## - BIBLIOGRAPHY, ETC. NOTE
Bibliography, etc. note Includes bibliographical references (p. [301]-308) and index.
650 #0 - SUBJECT ADDED ENTRY--TOPICAL TERM
Topical term or geographic name entry element Water
General subdivision Purification.
9 (RLIN) 264
700 1# - ADDED ENTRY--PERSONAL NAME
Personal name Kimber, Martin.
9 (RLIN) 6325
906 ## - LOCAL DATA ELEMENT F, LDF (RLIN)
a 7
b cbc
c origcop
d 2
e ncip
f 20
g y-gencatlg
942 ## - ADDED ENTRY ELEMENTS (KOHA)
Source of classification or shelving scheme
Koha item type Book
Call number prefix IESE
Holdings
Withdrawn status Lost status Source of classification or shelving scheme Damaged status Not for loan Collection code Permanent Location Current Location Shelving location Date acquired Total Checkouts Full call number Barcode Date last seen Price effective from Koha item type
            Institute of Environmental Science and Engineering (IESE) Institute of Environmental Science and Engineering (IESE) General Stacks 11/13/2017   628.162 BIN IESE-1854 11/13/2017 11/13/2017 Book
© 2023 Central Library, National University of Sciences and Technology. All Rights Reserved.